000 01660cam a2200361 i 4500
001 21239
003 Mx-PuUPA
005 20250807115711.0
008 140415s2015 mx ad gr 001 0 spa d
020 _a9786070270116
_qrústica
020 _a9786070269875
_qcolección rústica
040 _aMx-PuUPA
_bspa
_cMx-PuUPA
_dMx-PuUPA
_erda
041 _aspa
100 1 _aMarván Laborde, María,
_917320
_eautor
245 1 3 _aLa corrupción en México :
_bpercepción, prácticas y sentido ético /
_cMaría Marván Laborde, Fabiola Navarro Luna, Eduardo Bohórquez López, Hugo Alejandro Concha Cantú
246 1 3 _aLa corrupción en México, percepción, prácticas y sentido ético :
_bencuesta Nacional de Corrupción y Cultura de la Legalidad
250 _aPrimera edición /
_bagosto
264 1 _aMéxico, D.F. :
_bUniversidad Nacional Autónoma de México,
_c2015
300 _a208 páginas :
_bilustraciones, gráficas ;
_c23 cm
336 _2rdacontent
_atexto
_btxt
337 _2rdamedia
_asin medio
_bn
338 _2rdacarrier
_avolumen
_bnc
490 0 _aLos mexicanos vistos por sí mismos. Los grandes temas nacionales ;
_v24
650 7 _2armarc
_aCorrupción política
_x
_zMéxico
650 7 _2armarc
_aCorrupción política
_zMéxico
_xOpinión publica
651 4 _aMéxico
_xCondiciones sociales
_ySiglo XXI
700 1 _aNavarro Luna, Fabiola,
_eautor
700 1 _aBohórquez López, Eduardo,
_eautor
700 1 _aConcha Cantú, Hugo Alejandro,
_eautor
942 _2ddc
_cLI
_h364.13230972
_iM28
999 _c21239
_d21239